[Event "New Delhi Parsvnath op 13th"]
[Site "New Delhi"]
[Date "2015.01.13"]
[Round "7"]
[White "Debashis, Das"]
[Black "Shivananda, BS."]
[Result "1-0"]
[WhiteElo "2503"]
[BlackElo "2305"]
[PlyCount "77"]
[EventDate "2015.01.09"]
[EventType "tourn"]
[EventRounds "10"]
[EventCountry "IND"]
[SourceTitle "CBM 164 Extra"]
[Source "ChessBase"]
[SourceDate "2015.03.02"]
[SourceVersion "1"]
[SourceVersionDate "2015.03.02"]
[SourceQuality "1"]

1. d4 Nf6 2. c4 c5 3. d5 e6 4. Nc3 exd5 5. cxd5 d6 6. Nf3 g6 7. Bf4 a6 8. e4 Bg7 9. Bd3 0-0 10. 0-0 Re8 11. Re1 b5 12. a3 Nh5 13. Bg5 Qb6 14. a4 b4 15. Qb3 Nd7 16. Nd1 h6 17. Bd2 Qc7 18. Ne3 Nf4 19. Bc2 a5 20. Nc4 g5 21. h4 f6 22. hxg5 hxg5 23. g3 Ng6 24. Kg2 g4 25. Nh4 Nxh4+ 26. gxh4 Ba6 27. Bd3 Bxc4 28. Bxc4 Ne5 29. Bf4 Nf3 30. Re3 Nxh4+ 31. Kh1 Kf7 32. Rg1 Rh8 33. Rxg4 Qd7 34. Reg3 Nf5+ 35. Kg2 Nxg3 36. Qxg3 Rag8 37. Be2 Bf8 38. Rxg8 Rxg8 39. Bh5+ 1-0

[Event "Chennai op 7th"]
[Site "Chennai"]
[Date "2015.01.06"]
[Round "10"]
[White "Rombaldoni, Axel"]
[Black "Shivananda, BS."]
[Result "1-0"]
[WhiteElo "2505"]
[BlackElo "2305"]
[PlyCount "87"]
[EventDate "2014.12.30"]
[EventType "swiss"]
[EventRounds "10"]
[EventCountry "IND"]
[SourceTitle "CBM 164 Extra"]
[Source "ChessBase"]
[SourceDate "2015.03.02"]
[SourceVersion "1"]
[SourceVersionDate "2015.03.02"]
[SourceQuality "1"]

1. d4 Nf6 2. Bg5 c5 3. d5 Ne4 4. h4 Qb6 5. Nd2 Nxd2 6. Bxd2 d6 7. Bc3 e5 8. e4 Be7 9. a4 a6 10. Be2 Nd7 11. Bg4 Nf6 12. Bxc8 Rxc8 13. Qe2 c4 14. Nf3 0-0 15. Nd2 Qc5 16. a5 Qb5 17. Nf1 Qd7 18. h5 Ne8 19. Ne3 Bd8 20. Nxc4 f5 21. exf5 Qxf5 22. Ne3 Qf7 23. 0-0 Nf6 24. f4 exf4 25. Rxf4 Qxh5 26. Qxh5 Nxh5 27. Rxf8+ Kxf8 28. Nf5 Bf6 29. Nxd6 Rd8 30. Nxb7 Rxd5 31. Bxf6 Nxf6 32. c4 Rd4 33. Rc1 Rd2 34. b4 Rb2 35. b5 axb5 36. c5 Nd5 37. c6 Nc7 38. Rd1 b4 39. Rd8+ Kf7 40. Rd7+ Kg6 41. Rxc7 Rc2 42. Nd8 b3 43. Rb7 b2 44. Kh2 1-0

[Event "Chennai op 7th"]
[Site "Chennai"]
[Date "2015.01.03"]
[Round "7"]
[White "Shivananda, BS."]
[Black "Neverov, Valeriy"]
[Result "0-1"]
[WhiteElo "2305"]
[BlackElo "2501"]
[PlyCount "100"]
[EventDate "2014.12.30"]
[EventType "swiss"]
[EventRounds "10"]
[EventCountry "IND"]
[SourceTitle "CBM 164 Extra"]
[Source "ChessBase"]
[SourceDate "2015.03.02"]
[SourceVersion "1"]
[SourceVersionDate "2015.03.02"]
[SourceQuality "1"]

1. e4 c5 2. b4 cxb4 3. a3 e6 4. axb4 Bxb4 5. Bb2 Nf6 6. e5 Nd5 7. c4 Ne7 8. Qg4 0-0 9. Nf3 Nbc6 10. Bd3 Ng6 11. Qh5 h6 12. Bxg6 fxg6 13. Qxg6 b6 14. Nc3 Bb7 15. Qg4 Ne7 16. 0-0 Bxc3 17. Bxc3 Bxf3 18. gxf3 a5 19. Kh1 Nf5 20. Rg1 Rf7 21. Qe4 Rc8 22. Rg4 Qc7 23. Rb1 Kh8 24. Rb5 Rcf8 25. c5 bxc5 26. Bxa5 Qa7 27. Bb6 Qa6 28. Qa4 Qxa4 29. Rxa4 Rb8 30. Ra6 Nd4 31. Rxc5 Nxf3 32. d3 Rf5 33. Rc1 Rh5 34. Kg2 Rf8 35. h3 Rg5+ 36. Kh1 Rxe5 37. Be3 Rd5 38. Rc3 Kh7 39. Ra4 Rf6 40. Rg4 g5 41. Ra4 Kg6 42. Raa3 Rf8 43. Kg2 Nh4+ 44. Kf1 Rf3 45. Ra7 Rxh3 46. Ke2 Nf5 47. Rcc7 Nxe3 48. fxe3 Rh2+ 49. Kf3 Rxd3 50. Rxd7 Rh3+ 0-1

[Event "Gurgaon op 2nd"]
[Site "Gurgaon"]
[Date "2014.01.06"]
[Round "8"]
[White "Shivananda, BS."]
[Black "Swayams, Mishra"]
[Result "0-1"]
[WhiteElo "2331"]
[BlackElo "2426"]
[PlyCount "104"]
[EventDate "2014.01.01"]
[EventType "swiss"]
[EventRounds "10"]
[EventCountry "IND"]
[SourceTitle "CBM 158 Extra"]
[Source "ChessBase"]
[SourceDate "2014.02.28"]
[SourceVersion "1"]
[SourceVersionDate "2014.02.28"]
[SourceQuality "1"]

1. f4 d5 2. Nf3 c5 3. g3 g6 4. Bg2 Bg7 5. d3 Nf6 6. 0-0 0-0 7. Qe1 Nc6 8. Na3 b6 9. e4 dxe4 10. dxe4 Ba6 11. Rf2 e5 12. f5 Qc7 13. Bg5 h6 14. Bxf6 Bxf6 15. Qe3 Kg7 16. fxg6 fxg6 17. Bf1 Bc8 18. Nb5 Qe7 19. Bc4 Nd4 20. Nc3 Bg4 21. Nd5 Qd6 22. Nxd4 cxd4 23. Qb3 Bg5 24. Raf1 Bh3 25. Rxf8 Rxf8 26. Rxf8 Qxf8 27. g4 d3 28. Qxd3 Qc5+ 29. Kh1 Bxg4 30. Kg2 Qd4 31. c3 Qxd3 32. Bxd3 Kf7 33. Bc4 Ke8 34. Bb5+ Kd8 35. b4 Bd1 36. Bd3 Kd7 37. Bb5+ Kd8 38. a4 Bd2 39. Kf2 g5 40. a5 bxa5 41. bxa5 Bc2 42. Ke2 Bf4 43. Nxf4 gxf4 44. Kf3 Kc7 45. h4 Kd6 46. Be2 Kc5 47. Kg4 Bxe4 48. Kh5 Bg2 49. Kxh6 f3 50. Ba6 e4 51. h5 e3 52. Kg7 e2 0-1

[Event "Hyderabad op 2nd"]
[Site "Hyderabad"]
[Date "2013.11.25"]
[Round "2"]
[White "Shivananda, BS."]
[Black "Borovikov, Vladislav"]
[Result "0-1"]
[WhiteElo "2342"]
[BlackElo "2558"]
[PlyCount "126"]
[EventDate "2013.11.25"]
[EventType "swiss"]
[EventRounds "11"]
[EventCountry "IND"]
[SourceTitle "CBM 157 Extra"]
[Source "ChessBase"]
[SourceDate "2013.12.19"]
[SourceVersion "1"]
[SourceVersionDate "2013.12.19"]
[SourceQuality "1"]

1. f4 d5 2. Nf3 Nf6 3. g3 c5 4. Bg2 b5 5. d3 Bb7 6. 0-0 e6 7. Qe1 Be7 8. Nbd2 Nc6 9. c3 d4 10. cxd4 Nxd4 11. Nxd4 Qxd4+ 12. Qf2 Qxf2+ 13. Rxf2 Bxg2 14. Kxg2 Kd7 15. Nf3 Rhc8 16. Bd2 Ke8 17. Ne5 c4 18. Kf3 cxd3 19. Nxd3 Nd5 20. e4 Nb6 21. Bc3 f6 22. Rc1 Rd8 23. Ke2 Rac8 24. Ba5 Rxc1 25. Nxc1 Bc5 26. Rf1 Rd4 27. Kf3 Nc4 28. Bc3 Rd7 29. Nb3 Rd3+ 30. Ke2 Re3+ 31. Kd1 Bb6 32. Re1 b4 33. Bxb4 Nxb2+ 34. Kc2 Nd3 35. Rxe3 Nxb4+ 36. Kd2 Bxe3+ 37. Kxe3 Nxa2 38. Kd4 Nb4 39. Kc5 Nd3+ 40. Kd6 e5 41. fxe5 Nxe5 42. Ke6 Nf3 43. h4 h5 44. Na5 Ne5 45. Nb7 Kf8 46. Na5 Kg8 47. Nb3 Kh7 48. Na5 Kg6 49. Kd6 Nf3 50. Kd5 Ng1 51. Nc6 a6 52. e5 fxe5 53. Kxe5 Ne2 54. Ne7+ Kf7 55. Nf5 a5 56. Nd6+ Kg6 57. Nc4 a4 58. Ke4 Nxg3+ 59. Kf4 Nf5 60. Ne5+ Kh6 61. Kxf5 a3 62. Nf7+ Kh7 63. Ng5+ Kg8 0-1

[Event "Mumbai Mayors Cup 6th"]
[Site "Mumbai"]
[Date "2013.05.31"]
[Round "4"]
[White "Shivananda, BS."]
[Black "Yagupov, Igor"]
[Result "0-1"]
[WhiteElo "2382"]
[BlackElo "2428"]
[PlyCount "61"]
[EventDate "2013.05.29"]
[EventType "swiss"]
[EventRounds "11"]
[EventCountry "IND"]
[SourceTitle "CBM 154 Extra"]
[Source "ChessBase"]
[SourceDate "2013.06.25"]
[SourceVersion "2"]
[SourceVersionDate "2013.06.25"]
[SourceQuality "1"]

1. e4 c5 2. b4 cxb4 3. a3 d5 4. exd5 Qxd5 5. Nf3 e5 6. c4 Qe6 7. Bd3 Nc6 8. 0-0 Nf6 9. Re1 Bd6 10. axb4 Nxb4 11. Bf1 0-0 12. Nc3 Re8 13. d4 e4 14. Bg5 Qd7 15. Bxf6 exf3 16. Qxf3 gxf6 17. Ne4 Rxe4 18. Rxe4 f5 19. Rh4 Qe6 20. c5 Bf8 21. Rd1 Qf6 22. g3 a5 23. Bc4 a4 24. Qa3 Nc6 25. d5 Ne5 26. Ba2 b6 27. d6 bxc5 28. Rxa4 Rxa4 29. Qxa4 Bd7 30. Qa6 f4 31. Qb6 0-1

[Event "Chennai op 5th"]
[Site "Chennai"]
[Date "2013.01.23"]
[Round "11"]
[White "Visakh, Narayanan Rajeswari"]
[Black "Shivananda, BS."]
[Result "1/2-1/2"]
[WhiteElo "2205"]
[BlackElo "2384"]
[PlyCount "144"]
[EventDate "2013.01.16"]
[EventType "swiss"]
[EventRounds "11"]
[EventCountry "IND"]
[SourceTitle "CBM 152 Extra"]
[Source "ChessBase"]
[SourceDate "2013.02.25"]
[SourceVersion "1"]
[SourceVersionDate "2013.02.25"]
[SourceQuality "1"]

1. d4 Nf6 2. Nf3 g6 3. g3 Bg7 4. Bg2 d5 5. 0-0 0-0 6. c4 dxc4 7. Na3 Nc6 8. Nxc4 Be6 9. b3 Bd5 10. Bb2 a5 11. Nfe5 Bxg2 12. Kxg2 Nxe5 13. Nxe5 a4 14. bxa4 Ra6 15. Kg1 Qa8 16. Rc1 c6 17. Nc4 Rd8 18. Qc2 Ne8 19. Qe4 b5 20. Ne5 Nd6 21. Qf4 bxa4 22. Qf3 a3 23. Ba1 Rc8 24. Rc2 Nf5 25. g4 Bxe5 26. dxe5 Ng7 27. e6 Nxe6 28. Qc3 f6 29. Rd2 c5 30. Rd7 Ra4 31. f3 Re8 32. Qe3 Qc6 33. Rfd1 Rd4 34. R7xd4 cxd4 35. Bxd4 Qc4 36. Bc3 Qxa2 37. Bb4 Kf7 38. Bxa3 Ra8 39. Rd3 Ra5 40. Kf2 Re5 41. Qd2 Qc4 42. Bb2 Rb5 43. Ba3 Re5 44. Bb2 Rb5 45. Ba3 Rb3 46. Rxb3 Qxb3 47. Qb4 Qxb4 48. Bxb4 Nd4 49. Bc5 Nb3 50. Bb6 Nd2 51. Bc5 e5 52. Bb4 Nc4 53. Bc3 Ke6 54. e3 Nd6 55. Bb2 Nc4 56. Bc3 Kd5 57. Ke2 Nb6 58. Kd3 Na4 59. Bb4 Nb2+ 60. Kc2 Kc4 61. Be7 Nd3 62. Kd2 e4 63. fxe4 Nf2 64. Ke2 Nxe4 65. Kf3 Ng5+ 66. Ke2 Ne4 67. Kf3 Ng5+ 68. Ke2 Ne4 69. Kf3 Ng5+ 70. Ke2 Ne4 71. Kf3 Ng5+ 72. Ke2 Ne4 1/2-1/2

[Event "Chennai op 5th"]
[Site "Chennai"]
[Date "2013.01.19"]
[Round "4"]
[White "Shivananda, BS."]
[Black "Deviatkin, Andrei"]
[Result "0-1"]
[WhiteElo "2384"]
[BlackElo "2569"]
[PlyCount "78"]
[EventDate "2013.01.16"]
[EventType "swiss"]
[EventRounds "11"]
[EventCountry "IND"]
[SourceTitle "CBM 152 Extra"]
[Source "ChessBase"]
[SourceDate "2013.02.25"]
[SourceVersion "1"]
[SourceVersionDate "2013.02.25"]
[SourceQuality "1"]

1. Nf3 d5 2. g3 c6 3. Bg2 Bg4 4. d3 Nd7 5. 0-0 Ngf6 6. h3 Bxf3 7. Bxf3 e6 8. e4 Bc5 9. Nc3 dxe4 10. dxe4 Qc7 11. Bf4 e5 12. Bd2 a5 13. Qe2 0-0 14. g4 Rfd8 15. g5 Ne8 16. Be3 Bd4 17. Bg4 Nc5 18. Qf3 a4 19. Ne2 Bxe3 20. Qxe3 Qe7 21. h4 Nc7 22. f4 exf4 23. Nxf4 Nd5 24. Nxd5 cxd5 25. e5 d4 26. Qg3 d3 27. cxd3 Rxd3 28. Qf4 Rad8 29. Rad1 Ne6 30. Qc4 R3d4 31. Bxe6 Rxd1 32. Bxf7+ Kh8 33. Rxd1 Rxd1+ 34. Kg2 Rd2+ 35. Kf3 b5 36. Qc8+ Rd8 37. Qf5 Qb7+ 38. Ke3 Qg2 39. Bh5 Qd2+ 0-1

[Event "Kolkata op 5th"]
[Site "Kolkata"]
[Date "2012.12.07"]
[Round "5"]
[White "Shivananda, BS."]
[Black "Tiviakov, Sergei"]
[Result "0-1"]
[WhiteElo "2381"]
[BlackElo "2663"]
[PlyCount "65"]
[EventDate "2012.12.03"]
[EventType "swiss"]
[EventRounds "11"]
[EventCountry "IND"]
[SourceTitle "EXT 2014"]
[Source "ChessBase"]
[SourceDate "2013.11.20"]
[SourceVersion "1"]
[SourceVersionDate "2013.11.20"]
[SourceQuality "1"]

1. f4 d5 2. Nf3 Nf6 3. g3 g6 4. Bg2 Bg7 5. d3 c5 6. 0-0 0-0 7. Na3 Nc6 8. Qe1 b6 9. c3 Ba6 10. Bd2 Ne8 11. Rb1 Nd6 12. b4 cxb4 13. cxb4 Nd4 14. Nxd4 Bxd4+ 15. e3 Bg7 16. b5 Bb7 17. Nc2 Qd7 18. a4 Rfc8 19. Nb4 e6 20. g4 Rc5 21. Qg3 f5 22. h4 fxg4 23. Qxg4 Nf5 24. d4 Rc4 25. Bh3 Qf7 26. Kh2 h5 27. Qe2 Nxh4 28. Rg1 Kh7 29. Rg3 Bf6 30. Rbg1 Rg8 31. Nd3 Rxa4 32. Bb4 Qd7 33. f5 0-1

[Event "Visakhapatnam op"]
[Site "Visakhapatnam"]
[Date "2012.10.31"]
[Round "8"]
[White "Nolte, Rolando"]
[Black "Shivananda, BS."]
[Result "1/2-1/2"]
[WhiteElo "2445"]
[BlackElo "2358"]
[PlyCount "65"]
[EventDate "2012.10.26"]
[EventType "swiss"]
[EventRounds "11"]
[EventCountry "IND"]
[SourceTitle "EXT 2013"]
[Source "ChessBase"]
[SourceDate "2012.11.22"]
[SourceVersion "1"]
[SourceVersionDate "2012.11.22"]
[SourceQuality "1"]

1. e4 e5 2. Nf3 Nf6 3. d4 Nxe4 4. Bd3 Nc6 5. dxe5 d5 6. exd6 Nxd6 7. 0-0 Be7 8. Nc3 Be6 9. Bf4 0-0 10. Qe2 Re8 11. Rad1 Bg4 12. Be4 Bf6 13. Bxd6 cxd6 14. Qd3 Bxc3 15. bxc3 Bxf3 16. Qxf3 Qc7 17. Bd5 Rac8 18. Rfe1 Ne5 19. Qg3 b5 20. h3 h6 21. Re3 Nc4 22. Rxe8+ Rxe8 23. Rd4 Ne5 24. Kh2 Qc5 25. Bb3 a5 26. Rd5 Qc6 27. Rd4 a4 28. Bd5 Qc5 29. Be4 Rc8 30. f4 Nc4 31. Rd5 Qb6 32. Bd3 Rc5 33. Rd4 1/2-1/2

[Event "Nagpur op"]
[Site "Nagpur"]
[Date "2012.10.20"]
[Round "7"]
[White "Shivananda, BS."]
[Black "Prasanna Raghuram, Rao"]
[Result "0-1"]
[WhiteElo "2358"]
[BlackElo "2415"]
[PlyCount "134"]
[EventDate "2012.10.16"]
[EventType "swiss"]
[EventRounds "11"]
[EventCountry "IND"]
[SourceTitle "EXT 2013"]
[Source "ChessBase"]
[SourceDate "2012.11.22"]
[SourceVersion "1"]
[SourceVersionDate "2012.11.22"]
[SourceQuality "1"]

1. e4 e5 2. Nf3 Nc6 3. Bb5 a6 4. Ba4 Nf6 5. 0-0 b5 6. Bb3 Bc5 7. c3 d6 8. d4 Bb6 9. Be3 0-0 10. Nbd2 Bg4 11. h3 Bh5 12. Qb1 exd4 13. Nxd4 Nxd4 14. cxd4 c5 15. dxc5 dxc5 16. Bc2 Re8 17. a4 c4 18. Bxb6 Qxb6 19. Re1 Qd4 20. Qc1 Rad8 21. Nf1 b4 22. Ng3 b3 23. Bd1 Bxd1 24. Rxd1 Qxd1+ 25. Qxd1 Rxd1+ 26. Rxd1 c3 27. bxc3 b2 28. Rb1 Rb8 29. Kf1 Nd7 30. Ke2 Ne5 31. Nf1 Nc4 32. Nd2 Na3 33. Re1 b1Q 34. Nxb1 Nxb1 35. Rc1 Kf8 36. Kd3 Ke7 37. f4 Kd6 38. e5+ Kc5 39. g4 Rd8+ 40. Ke4 Rd1 41. Rc2 Nd2+ 42. Kf5 Nc4 43. Re2 Rd3 44. h4 Rxc3 45. e6 Nd6+ 46. Kg5 fxe6 47. Rxe6 Rc4 48. Re7 Ne4+ 49. Kf5 Ng3+ 50. Ke6 Re4+ 51. Kd7 Rxf4 52. Rxg7 Rxa4 53. h5 h6 54. Rg6 a5 55. g5 Rh4 56. gxh6 Rxh5 57. Rxg3 Rxh6 58. Rg5+ Kb6 59. Rg4 Rh5 60. Kd6 Kb5 61. Rg3 a4 62. Rf3 Rh4 63. Kd5 Kb4 64. Rf8 a3 65. Rb8+ Kc3 66. Ra8 Kb3 67. Kc5 a2 0-1

[Event "Mumbai Mayors Cup 4th"]
[Site "Mumbai"]
[Date "2011.09.21"]
[Round "8"]
[White "Shivananda, BS."]
[Black "Chadaev, Nikolay"]
[Result "1/2-1/2"]
[WhiteElo "2381"]
[BlackElo "2564"]
[PlyCount "81"]
[EventDate "2011.09.16"]
[EventType "swiss"]
[EventRounds "11"]
[EventCountry "IND"]
[SourceTitle "CBM 144 Extra"]
[Source "ChessBase"]
[SourceDate "2011.10.28"]
[SourceVersion "1"]
[SourceVersionDate "2011.10.28"]
[SourceQuality "1"]

1. e4 e5 2. Nf3 Nc6 3. Bb5 a6 4. Ba4 Nf6 5. 0-0 Be7 6. Re1 b5 7. Bb3 0-0 8. d4 d6 9. c3 Bg4 10. d5 Na5 11. Bc2 c6 12. h3 Bh5 13. dxc6 Qc7 14. Nbd2 Qxc6 15. Nf1 Bg6 16. Nh4 Rfe8 17. Nxg6 hxg6 18. a4 Nc4 19. Qe2 d5 20. exd5 Nxd5 21. Be4 Rad8 22. axb5 axb5 23. Ne3 Ncxe3 24. Bxe3 f5 25. Bd3 Nxe3 26. fxe3 Rb8 27. e4 f4 28. Kh1 Qb6 29. Bc2 Kh7 30. Bb3 Rf8 31. Qf3 Ra8 32. Rad1 b4 33. Bd5 Ra7 34. Rd3 bxc3 35. bxc3 Rb8 36. Red1 Qf6 37. Qg4 Qh4 38. Qe6 Qf6 39. Qg4 Qh4 40. Qe6 Qf6 41. Qg4 1/2-1/2

[Event "Mumbai Mayors Cup 4th"]
[Site "Mumbai"]
[Date "2011.09.18"]
[Round "4"]
[White "Matta, Vinay Kumar"]
[Black "Shivananda, BS."]
[Result "1-0"]
[WhiteElo "2254"]
[BlackElo "2381"]
[PlyCount "57"]
[EventDate "2011.09.16"]
[EventType "swiss"]
[EventRounds "11"]
[EventCountry "IND"]
[SourceTitle "CBM 144 Extra"]
[Source "ChessBase"]
[SourceDate "2011.10.28"]
[SourceVersion "1"]
[SourceVersionDate "2011.10.28"]
[SourceQuality "1"]

1. e4 e6 2. Nc3 d5 3. d4 Bb4 4. e5 c5 5. a3 Bxc3+ 6. bxc3 Ne7 7. Qg4 Qc7 8. Qxg7 Rg8 9. Qxh7 cxd4 10. Ne2 Nbc6 11. f4 dxc3 12. Qd3 Bd7 13. Qxc3 0-0-0 14. Rb1 Be8 15. Rg1 d4 16. Qc4 Qa5+ 17. Bd2 Qxa3 18. g4 Nd5 19. Rg3 Ne3 20. Bxe3 dxe3 21. h3 Kb8 22. Bg2 Na5 23. Qa6 b5 24. c3 Qa2 25. Be4 Bc6 26. Rxe3 Qd2+ 27. Kf2 Nc4 28. Rxb5+ Bxb5 29. Qb7# 1-0

[Event "Chennai op 3rd"]
[Site "Chennai"]
[Date "2011.01.26"]
[Round "11"]
[White "Zherebukh, Yaroslav"]
[Black "Shivananda, BS."]
[Result "1/2-1/2"]
[WhiteElo "2565"]
[BlackElo "2372"]
[PlyCount "95"]
[EventDate "2011.01.18"]
[EventType "swiss"]
[EventRounds "11"]
[EventCountry "IND"]
[SourceTitle "CBM 140 Extra"]
[Source "ChessBase"]
[SourceDate "2011.03.01"]
[SourceVersion "1"]
[SourceVersionDate "2011.03.01"]
[SourceQuality "1"]

1. d4 Nf6 2. c4 g6 3. Nc3 d5 4. cxd5 Nxd5 5. e4 Nxc3 6. bxc3 Bg7 7. Bc4 c5 8. Ne2 Nc6 9. Be3 0-0 10. 0-0 Bd7 11. Rb1 Qc7 12. Bd3 Rfd8 13. Qb3 b6 14. Rfd1 Be8 15. Ba6 Na5 16. Qa3 cxd4 17. cxd4 e5 18. Rdc1 Qd7 19. d5 Bf8 20. Qb2 Qd6 21. Bd2 Bd7 22. Nc3 Qf6 23. Nb5 h5 24. f4 Bxb5 25. fxe5 Qh4 26. Bxb5 Qxe4 27. d6 Bg7 28. Bc3 Rac8 29. Re1 Qf5 30. Rbd1 Nc4 31. Qb3 Nxd6 32. Ba6 Ne4 33. Bxc8 Rxc8 34. Bd4 Bxe5 35. Rf1 Bxd4+ 36. Rxd4 Nc5 37. Qa3 Qe5 38. Rdf4 Rc7 39. Qf3 Qe6 40. Rf6 Qxa2 41. Qf4 Rd7 42. Qb8+ Kg7 43. Rc6 Qd5 44. Rc8 Qd4+ 45. Kh1 Qf6 46. Kg1 Qd4+ 47. Kh1 Qf6 48. Kg1 1/2-1/2

[Event "Chennai op 3rd"]
[Site "Chennai"]
[Date "2011.01.24"]
[Round "9"]
[White "Shivananda, BS."]
[Black "Sundararajan, Kidambi"]
[Result "0-1"]
[WhiteElo "2372"]
[BlackElo "2449"]
[PlyCount "74"]
[EventDate "2011.01.18"]
[EventType "swiss"]
[EventRounds "11"]
[EventCountry "IND"]
[SourceTitle "CBM 140 Extra"]
[Source "ChessBase"]
[SourceDate "2011.03.01"]
[SourceVersion "1"]
[SourceVersionDate "2011.03.01"]
[SourceQuality "1"]

1. e4 e5 2. Nc3 Nf6 3. g3 Bc5 4. Bg2 Nc6 5. d3 a6 6. h3 d6 7. Nge2 Be6 8. Nd5 h6 9. Be3 Bxe3 10. fxe3 Bxd5 11. exd5 Ne7 12. Qd2 Qd7 13. c4 0-0 14. g4 Nh7 15. e4 c5 16. Qe3 b5 17. 0-0 Ng6 18. Rf5 Rab8 19. b3 a5 20. cxb5 Rxb5 21. Raf1 Rb7 22. Qg3 a4 23. h4 axb3 24. axb3 Rxb3 25. g5 hxg5 26. hxg5 c4 27. Bh3 Rxd3 28. Qh2 Qa7+ 29. Kh1 Qe3 30. R5f3 Qxe4 31. Bf5 Qxd5 32. Bxd3 cxd3 33. Nc3 Qc6 34. Qa2 Nxg5 35. Nd5 Nxf3 36. Rxf3 Qc1+ 37. Kh2 Qc2+ 0-1

[Event "Chennai op 3rd"]
[Site "Chennai"]
[Date "2011.01.23"]
[Round "8"]
[White "Adhiban, Baskaran"]
[Black "Shivananda, BS."]
[Result "1/2-1/2"]
[WhiteElo "2530"]
[BlackElo "2372"]
[PlyCount "55"]
[EventDate "2011.01.18"]
[EventType "swiss"]
[EventRounds "11"]
[EventCountry "IND"]
[SourceTitle "CBM 140 Extra"]
[Source "ChessBase"]
[SourceDate "2011.03.01"]
[SourceVersion "1"]
[SourceVersionDate "2011.03.01"]
[SourceQuality "1"]

1. d4 Nf6 2. c4 g6 3. Nc3 d5 4. cxd5 Nxd5 5. e4 Nxc3 6. bxc3 Bg7 7. Bc4 c5 8. Ne2 Nc6 9. Be3 0-0 10. 0-0 Bd7 11. h4 Na5 12. Bd3 cxd4 13. cxd4 Rc8 14. Rc1 b5 15. Qd2 Nc4 16. Bxc4 bxc4 17. h5 gxh5 18. Bh6 Bxh6 19. Qxh6 Kh8 20. Qxh5 f6 21. f3 Rg8 22. Qh6 Qa5 23. Nc3 Rg6 24. Qe3 Rcg8 25. Rf2 Qh5 26. Nd5 Rh6 27. Kf1 e6 28. Nf4 1/2-1/2